Airlines at Delhi (IGI) - Statistics

General Stats
  • This quiz has been taken 34 times
  • The average score is 37 of 58
Answer Stats
Destination Answer % Correct
Tokyo (Haneda) All Nippon Airways
97%
Melbourne Qantas
93%
London (Heathrow) British Airways
90%
Dubai (International) Emirates
90%
Montreal (Trudeau), Toronto (Pearson) Air Canada
86%
Paris (CDG) Air France
86%
Warsaw (Chopin) LOT Polish Airlines
86%
Moscow (Sheremetyevo) Aeroflot
83%
Helsinki Finnair
83%
Amsterdam KLM
83%
Frankfurt (Am Main), Munich Lufthansa
83%
Doha Qatar Airways
83%
Jeddah, Riyadh Saudia
83%
Istanbul (International) Turkish Airlines
83%
New York (Newark) United Airlines
83%
Abu Dhabi Etihad Airways
79%
Singapore (Changi) Singapore Airlines
79%
Zurich Swiss International Airlines
79%
New York (JFK) American Airlines
76%
Cairo (International) Egyptair
76%
Addis Ababa Ethiopian Airlines
76%
Tokyo (Haneda), Tokyo (Narita) Japan Airlines
76%
Seoul (Incheon) Korean Air
76%
Kuwait City Kuwait Airways
76%
Kuala Lumpur (International) Malaysia Airlines
76%
Bangkok (Suvarnabhumi) Thai Airways International
76%
Hanoi, Ho Chi Minh City Vietnam Airlines
76%
Mauritius Air Mauritius
72%
Shanghai (Pudong) China Eastern Airlines
72%
Rome (Fiumicino) ITA Airways
72%
Kuala Lumpur (International) Air Asia X
69%
Muscat Oman Air
69%
Amman (Queen Alia) Royal Jordanian
69%
Bangkok (Don Mueang) Thai Air Asia X
69%
London (Heathrow) Virgin Atlantic
69%
Sharjah Air Arabia
66%
Baku Azerbaijan Airlines
66%
Hong Kong Cathay Pacific
66%
Dubai (International) Flydubai
62%
Ashgabat Turkmenistan Airlines
59%
Kathmandu Nepal Airlines
55%
Paro Drukair
52%
Tashkent Uzbekistan Airways
52%
Dhaka Biman Bangladesh Airlines
48%
Tehran (Imam Khomeini) Mahan Air
48%
Hanoi, Ho Chi Minh City Vietjet Air
48%
Minsk Belavia
45%
Riyadh Flynas
41%
Paro Bhutan Airlines
34%
Kuwait City Jazeera Airways
31%
Muscat Salam Air
28%
Bangkok (Don Mueang) Thai Lion Air
28%
Yangon Myanmar Airways National
24%
Kabul Ariana Afghan Airlines
21%
Muharraq Gulf Air
21%
Kabul Kam Air
21%
Bishkek Aero Nomad Airlines
10%
Tashkent Centrum Air
10%
No matching quizzes found
Score Distribution
Percent of People with Each Score
Percentile by Number Answered
Your Score History
You have not taken this quiz